<?xml version="1.0" encoding="UTF-8"?>
<collection xmlns:xsi="http://www.w3.org/2001/XMLSchema-instance" xsi:schemaLocation="http://www.loc.gov/MARC21/slim http://www.loc.gov/standards/marcxml/schema/MARC21slim.xsd" xmlns="http://www.loc.gov/MARC21/slim">
 <record>
  <leader>00000cam a22000003i 4500</leader>
  <controlfield tag="001">UP-1685594773862054363</controlfield>
  <controlfield tag="003">Buklod</controlfield>
  <controlfield tag="005">20170220084544.0</controlfield>
  <controlfield tag="006">g||| |     ||   ||</controlfield>
  <controlfield tag="007">ta</controlfield>
  <controlfield tag="008">170707s2007    xx ab   rb   |000 0|eng d</controlfield>
  <datafield tag="020" ind1=" " ind2=" ">
   <subfield code="a">9789833782338 (Soft cover)</subfield>
  </datafield>
  <datafield tag="035" ind1=" " ind2=" ">
   <subfield code="a">(iLib)UPBAG-00023398069</subfield>
  </datafield>
  <datafield tag="040" ind1=" " ind2=" ">
   <subfield code="a">DLC</subfield>
   <subfield code="d">BAG</subfield>
   <subfield code="e">rda</subfield>
  </datafield>
  <datafield tag="041" ind1="0" ind2=" ">
   <subfield code="a">eng</subfield>
  </datafield>
  <datafield tag="090" ind1=" " ind2="0">
   <subfield code="a">DS 688 M2</subfield>
   <subfield code="b">V64 2007</subfield>
  </datafield>
  <datafield tag="245" ind1="0" ind2="0">
   <subfield code="a">Voices from Moro land</subfield>
   <subfield code="b">perspectives from stakeholders and observers on the conflict in the Southern Philippines</subfield>
   <subfield code="c">edited by Peter Kreuzer and Rainer Werning.</subfield>
  </datafield>
  <datafield tag="264" ind1=" " ind2="1">
   <subfield code="a">Petaling Jaya, Selangor, Malaysia</subfield>
   <subfield code="b">Strategic Information and Research Development Centre</subfield>
   <subfield code="c">©2007.</subfield>
  </datafield>
  <datafield tag="300" ind1=" " ind2=" ">
   <subfield code="a">xxiii, 218 pages</subfield>
   <subfield code="b">illustrations, maps</subfield>
   <subfield code="c">23 cm</subfield>
  </datafield>
  <datafield tag="504" ind1=" " ind2=" ">
   <subfield code="a">Includes bibliographical references.</subfield>
  </datafield>
  <datafield tag="505" ind1="0" ind2=" ">
   <subfield code="a">The zig-zag path from war to peace / Rainer Werning and Peter Kreuzer -- German media looking at a third world conflict, the abductions from Sipadan, 2000 / Rainer Werning -- Southeast Asian regional security and Mindanao conflict / Julkipli Wadi -- Bangsamoro self-determination / Abhoud Syed M. Lingga -- The role of third parties in the peace process in Mindanao / Abhoud Syed M. Lingga -- MILF peace talks with the Philippines government / Salah Jubair -- Civil society and conflict in Mindanao / Philipp Bück -- Perspectives on peace and development in the autonomous region in Muslim Mindanao (ARMM) / Ishak V. Mastura -- Security for economic growth, ethnic conflict and the United States in the Southern Philippines / Ishak V. Mastura -- Political Islam in the 21st century Philippines / Michael Mastura.</subfield>
  </datafield>
  <datafield tag="650" ind1=" " ind2="0">
   <subfield code="a">Muslims</subfield>
   <subfield code="x">Political activity</subfield>
   <subfield code="z">Philippines</subfield>
   <subfield code="z">Mindanao Island.</subfield>
  </datafield>
  <datafield tag="651" ind1=" " ind2="0">
   <subfield code="a">Mindanao Island (Philippines)</subfield>
   <subfield code="x">History</subfield>
   <subfield code="x">Autonomy and independence movements.</subfield>
  </datafield>
  <datafield tag="700" ind1="1" ind2=" ">
   <subfield code="a">Kreuzer, Peter</subfield>
   <subfield code="d">1961-</subfield>
   <subfield code="e">editor.</subfield>
  </datafield>
  <datafield tag="700" ind1="1" ind2=" ">
   <subfield code="a">Werning, Rainer</subfield>
   <subfield code="e">editor.</subfield>
  </datafield>
  <datafield tag="710" ind1="2" ind2=" ">
   <subfield code="a">Strategic Information Research Development</subfield>
   <subfield code="e">publisher.</subfield>
  </datafield>
  <datafield tag="905" ind1=" " ind2=" ">
   <subfield code="a">FI</subfield>
  </datafield>
  <datafield tag="852" ind1="0" ind2=" ">
   <subfield code="a">UPBAG</subfield>
   <subfield code="b">UPBAG-MAIN</subfield>
   <subfield code="h">DS 688 M2 V64 2007</subfield>
  </datafield>
  <datafield tag="942" ind1=" " ind2=" ">
   <subfield code="a">Book</subfield>
  </datafield>
 </record>
</collection>
